Obstetrics and the newborn / (Record no. 3754)

000 -LEADER
fixed length control field 00735nam a22002532 4500
003 - CONTROL NUMBER IDENTIFIER
control field UkOxU
005 - DATE AND TIME OF LATEST TRANSACTION
control field 20220208074118.0
008 - FIXED-LENGTH DATA ELEMENTS--GENERAL INFORMATION
fixed length control field 861217s1978 enka 000 0 eng d
020 ## - INTERNATIONAL STANDARD BOOK NUMBER
International Standard Book Number 0721616747
040 ## - CATALOGING SOURCE
Transcribing agency EQG
050 ## - LIBRARY OF CONGRESS CALL NUMBER
Classification number RG524 1979
Item number .B45
096 ## - LOCALLY ASSIGNED NLM-TYPE CALL NUMBER (OCLC)
Classification number WQ 200 BEI
100 1# - MAIN ENTRY--PERSONAL NAME
Personal name Beischer, Norman A.
245 10 - TITLE STATEMENT
Title Obstetrics and the newborn /
Statement of responsibility, etc. Norman A. Beischer, Eric V. Mackay.
250 ## - EDITION STATEMENT
Edition statement British edition
260 ## - PUBLICATION, DISTRIBUTION, ETC.
Place of publication, distribution, etc. Sydney ; London :
Name of publisher, distributor, etc. W. B. Saunders,
Date of publication, distribution, etc. 1978.
300 ## - PHYSICAL DESCRIPTION
Extent 532 p. :
Other physical details ill.
Dimensions 27 cm.
500 ## - GENERAL NOTE
General note Original edition published in 1976.
650 #2 - SUBJECT ADDED ENTRY--TOPICAL TERM
Topical term or geographic name entry element Infant, Newborn
650 #2 - SUBJECT ADDED ENTRY--TOPICAL TERM
Topical term or geographic name entry element Obstetrics
700 1# - ADDED ENTRY--PERSONAL NAME
Personal name Mackay, Eric V.
942 ## - ADDED ENTRY ELEMENTS (KOHA)
Source of classification or shelving scheme
Koha item type Book
Holdings
Withdrawn status Lost status Source of classification or shelving scheme Damaged status Not for loan Permanent Location Current Location Shelving location Date acquired Source of acquisition Total Checkouts Full call number Barcode Date last seen Price effective from Koha item type Public note Copy number
          AU LIBRARY AU LIBRARY Open Shelf 08.02.2022 DONATION FROM MOI UNIVERSITY   RG524 .B45 1979 28005406 08.02.2022 08.02.2022 Book WO  
          AU LIBRARY AU LIBRARY Open Shelf 24.03.2022 DONATION FROM MOI UNIVERSITY   RG524 .B45 1979 C2 28006434 24.03.2022 24.03.2022 Book CM 2

Powered by Koha